| 000 | 00658nam a2200205 u 4500 | ||
|---|---|---|---|
| 005 | 20210223131316.0 | ||
| 008 | 100615s2009 es r 000 0 spa d | ||
| 020 | _a9788498412918 | ||
| 035 | _aUPN01000176547 | ||
| 049 | _aCG | ||
| 050 | 4 |
_aPA5638.3 R5.9 _bU4.7 |
|
| 100 | 1 |
_aTrivisás, Evgenios, _d1946- _931551 |
|
| 245 | 1 | 3 |
_aEl último gato negro / _cEvgenios Trivisás ; il. Stephen West ; tr. María Recuenco Peñalver. |
| 260 |
_aMadrid : _bSiruela, _c2009. |
||
| 300 |
_a306 p. : _bil. |
||
| 440 | 3 |
_aLas tres edades ; _v188 |
|
| 534 |
_pTítulo original : _tI mavri televtea gata |
||
| 650 | 4 |
_aLITERATURA JUVENIL GRIEGA _919509 |
|
| 905 | _aLibro | ||
| 999 |
_c148650 _d148650 |
||